000 00374 a2200145 4500
005 20250628075356.0
020 _a0-256-01902-9
100 _aMEIGS, W. B
245 _aPrinciples of Auditing
250 _a6th Ed
260 _aNew York
_bIrwin
_c1977
300 _axix, 738p.: ill; Figure, Table
_bIndex
_c24.3cm
700 _aWHITTINGTON, O. R & MEIGS R. F
942 _2ddc
_cBKS
999 _c5849
_d5849